000 00517cam a2200205ua 4500
001 7524
005 20260515114226.0
008 141212n ii |||gr||||Z||||||ben
040 _cMAIN
041 _aben
082 _a891.443
100 _aChattupadhyay, S. Ch.,
_eAuthor.
245 1 _aNiskriti
_cBy Sarat Chandra Chattupadhyay
250 _a1st.
260 _aKolkatta:
_bPrakashbhawan,
_c1965.
300 _a75p.
653 _aEast Indo-European & Celtic literatures
653 _aBengali novels
942 _cBK
999 _c6642
_d6642